00285nam a22001097a 4500020002200000082001700022100001800039245004300057250000600100260006100106300000800167 a978-81-317-7434-2 a174.4 FER/BU aA.C. FERNANDO aBUSINESS ETHICS: AN INDIAN PERSPECTIVE a2 aCHENNAI, DELHIbPEARSON INDIA EDUCATION PVT. LTD. c2014 a549